Statistics for Generator Dash #3

Click here to take the quiz!

General Stats

  • This quiz has been taken 114 times
  • The average score is 8 of 11

Answer Stats

HintAnswer% Correct
Sea vessels (5)Ships
93%
Serpentine sound (4)Hiss
87%
Angelic glow (4)Halo
86%
Actress Loren (6)Sophia
80%
Solemn promise (4)Oath
78%
Raise a flag (5)Hoist
76%
Hide loot, put away (5)Stash
74%
Make shiny, buff (6)Polish
72%
The Bell Jar's Sylvia (5)Plath
61%
9-Letter WordHOSPITALS
55%
Afghani tongue (6)Pashto
38%

Score Distribution

Percentile by Number Answered

Percent of People with Each Score

Your Score History

You have not taken this quiz